Biggest Cities in Belize Quiz - Statistics

General Stats
  • This quiz has been taken 89 times
    77 since last reset
  • The average score is 4 of 10
Answer Stats
Population City or town % Correct
57,169 Belize City
98%
13,939 Belmopan
97%
13,708 Orange Walk
36%
17,878 San Ignacio
30%
11,767 San Pedro
23%
10,287 Corozal
21%
5,351 Punta Gorda
16%
9,593 Dangriga
15%
5,458 Ladyville
10%
6,140 Benque Viejo
7%
No matching quizzes found
Score Distribution
Percent of People with Each Score
Percentile by Number Answered
Your Score History
You have not taken this quiz since the last reset